| 000 | 01939cam a2200541 a 4500 | ||
|---|---|---|---|
| 999 |
_c23391 _d23391 |
||
| 001 | vtls011635798 | ||
| 005 | 20221006121445.0 | ||
| 008 | 200507s2017 xo g n 000 fbslo | ||
| 020 |
_a9788055624556 _q(viaz.) |
||
| 035 | _aurn:nbn:sk:snk-am00e0dp | ||
| 035 | _aurn:nbn:sk:snk-am3iafy | ||
| 035 | _a4BAA4928-3682-4F03-9F25-3DF17E1D99D3 | ||
| 040 |
_aSVKBB _bslo _cSVKBB _dSNK _eAACR2 |
||
| 041 | 1 |
_aslo _heng |
|
| 044 |
_axo _cSK |
||
| 072 | 7 |
_a821.111(73)-3 _xAmerická próza _2konspekt |
|
| 072 | 7 |
_a929 _xBiografie _2konspekt |
|
| 080 |
_a821.111(73)-31 _22011 |
||
| 080 |
_a(44) _22011 |
||
| 080 |
_a(0:82-311.6) _22011 |
||
| 080 |
_a(0:82-312.6) _22011 |
||
| 080 |
_a929.731-055.2 _22011 |
||
| 100 | 1 |
_aGrey, Juliet _93611 |
|
| 240 | 1 | 4 |
_aThe Confessions of Marie Antoinette _lSlovensky |
| 245 | 1 | 0 |
_aSpoveď Márie Antoinetty _n[3.] _cJuliet Grey ; z angličtiny preložila Beáta Mihalkovičová |
| 260 |
_aBratislava _bSlovart _c2017 |
||
| 300 |
_a358 s. _c24 cm |
||
| 500 | _aZáverečný diel úspešnej trilógie o najslávnejšej francúzskej kráľovnej | ||
| 600 | 0 | 7 |
_aMária Antoinetta, _ckráľovná, manželka Ľudovíta XVI., francúzskeho kráľa, _d1755-1793 _2SNKMA _93612 |
| 648 | 7 |
_a18. stor. _2SNKPH _93613 |
|
| 648 | 7 |
_a18th century _2SNKPHeng _92906 |
|
| 650 | 0 | 7 |
_apanovníčky _2SNKPH _92907 |
| 650 | 0 | 7 |
_aQueens and empresses _2SNKPHeng _92908 |
| 651 | 7 |
_aFrancúzsko _2SNKPH _93594 |
|
| 651 | 7 |
_aFrance _2SNKPHeng _93596 |
|
| 655 | 7 |
_aamerické romány _2SNKPH _92 |
|
| 655 | 7 |
_ahistorické romány _2SNKPH _91688 |
|
| 655 | 7 |
_abiografické romány _2SNKPH _92126 |
|
| 655 | 7 |
_aAmerican fiction _2SNKPHeng _93 |
|
| 655 | 7 |
_aHistorical novels _2SNKPHeng _91689 |
|
| 655 | 7 |
_aBiographical novels _2SNKPHeng _92127 |
|
| 700 | 1 |
_aMihalkovičová, Beáta _4trl _93614 |
|
| 958 | _aLX | ||
| 958 | _aBC | ||
| 958 | _aUP | ||
| 958 | _aNB | ||